Hélio Oiticica / (Record no. 1180)
[ view plain ]
| 000 -LEADER | |
|---|---|
| campo de control de longitud fija | 01595nam a22002777a 4500 |
| 008 - DATOS DE LONGITUD FIJA--INFORMACIÓN GENERAL | |
| campo de control de longitud fija | 170506s1994 br||||| |||| 00| 0 por d |
| 020 ## - NÚMERO INTERNACIONAL ESTÁNDAR DEL LIBRO | |
| Número Internacional Estándar del Libro | 8460418626 |
| 082 04 - NÚMERO DE LA CLASIFICACIÓN DECIMAL DEWEY | |
| Número de clasificación | 709.2 |
| Número de ítem | O396h |
| 100 1# - ENTRADA PRINCIPAL--NOMBRE DE PERSONA | |
| Nombre de persona | Brett, Guy. |
| 9 (RLIN) | 4313 |
| 245 10 - MENCIÓN DEL TÍTULO | |
| Título | Hélio Oiticica / |
| Mención de responsabilidad, etc. | Guy Brett...[et. al]. |
| 250 ## - MENCION DE EDICION | |
| Mención de edición | 1a ed. |
| 260 ## - PUBLICACIÓN, DISTRIBUCIÓN, ETC. | |
| Lugar de publicación, distribución, etc. | Brasil : |
| Nombre del editor, distribuidor, etc. | Projeto Hélio Oiticica; Galerie nationale du Jeu de Paume; Witte de With, |
| Fecha de publicación, distribución, etc. | 1994. |
| 300 ## - DESCRIPCIÓN FÍSICA | |
| Extensión | 278 p. |
| 500 ## - NOTA GENERAL | |
| Nota general | Catálogo publicado con motivo a la exposición "Hélio Oiticica" presentada en: -Witte de With center for contemporary art, Rotterdam, del 22 de febrero al 26 de abril de 1992 -Galerie nationale du Jeu de Paume, París, del 10 de junio al 23 de agosto -Fundació Antoni Tàpies, Barcelona, del 1 de octubre al 8 de diciembre de 1992 - Centro de Arte Moderna de Fundacao Calouste Gulbenkian, Lisboa, del 20 de enero al 20 de marzo de 1993 -Walker Art Center, Minneapolis, del 31 de octubre de 1993 al 20 de febrero de 1994. |
| 505 0# - NOTA DE CONTENIDO CON FORMATO | |
| Título | Eden |
| Mención de responsabilidad | Hélio Oiticica. |
| Título | Brasil Diarrea. |
| -- | Cara de Cavalo. |
| -- | Metaesquemes 57/58. |
| -- | Selecció d´escrits |
| Mención de responsabilidad | Guy Brett. |
| Título | Cronologia Hélio Oiticica 1937-1980. |
| -- | Ala Delta per a l´éxtasi |
| Mención de responsabilidad | Haroldo de Campos. |
| Título | HOmmage |
| Mención de responsabilidad | Waly Salomão. |
| Título | El gran labertint |
| Mención de responsabilidad | Catherine David. |
| 653 10 - TÉRMINO DE INDIZACIÓN--NO CONTROLADO | |
| Término no controlado | Arte contemporáneo |
| 653 10 - TÉRMINO DE INDIZACIÓN--NO CONTROLADO | |
| Término no controlado | Catálogo de exhibición |
| 653 10 - TÉRMINO DE INDIZACIÓN--NO CONTROLADO | |
| Término no controlado | Exhibición itinerante |
| 653 10 - TÉRMINO DE INDIZACIÓN--NO CONTROLADO | |
| Término no controlado | Arte - Brasil |
| 653 10 - TÉRMINO DE INDIZACIÓN--NO CONTROLADO | |
| Término no controlado | Artistas plásticos |
| 653 10 - TÉRMINO DE INDIZACIÓN--NO CONTROLADO | |
| Término no controlado | Instalación |
| 700 1# - ENTRADA AGREGADA--NOMBRE PERSONAL | |
| Nombre de persona | David, Catherine. |
| 9 (RLIN) | 5786 |
| 700 1# - ENTRADA AGREGADA--NOMBRE PERSONAL | |
| Nombre de persona | Dercon, Chris. |
| 9 (RLIN) | 5787 |
| 700 1# - ENTRADA AGREGADA--NOMBRE PERSONAL | |
| Nombre de persona | Figuereido, Luciano. |
| 9 (RLIN) | 5788 |
| 700 1# - ENTRADA AGREGADA--NOMBRE PERSONAL | |
| Nombre de persona | Pape, Lygia. |
| 9 (RLIN) | 5789 |
| Estatus retirado | Estado de pérdida | Fuente del sistema de clasificación o colocación | Estado de daño | No para préstamo | Biblioteca de origen | Biblioteca actual | Ubicación en estantería | Fecha de adquisición | Total de préstamos | Signatura topográfica completa | Código de barras | Visto por última vez | Precio de reemplazo | Tipo de ítem Koha |
|---|---|---|---|---|---|---|---|---|---|---|---|---|---|---|
| Clasificación Decimal Dewey | Biblioteca LadoV | Biblioteca LadoV | 06/05/2017 | 709.2 O396h | 00915 | 06/05/2017 | 06/05/2017 | Material 01 |
